书目信息 |
| 题名: |
明星课
|
|
| 作者: | 蔡文 著 | |
| 分册: | ||
| 出版信息: | 北京 国际文化出版公司 2005 |
|
| 页数: | 223页 | |
| 开本: | 23cm | |
| 丛书名: | ||
| 单 册: | ||
| 中图分类: | I253.4 , G114 | |
| 科图分类: | ||
| 主题词: | 访问记--中国--现代--选集 , 访问记 , 文化事业--世界 | |
| 电子资源: | ||
| ISBN: | 7-80173-359-2 | |
| 000 | 00894nam0 2200265 450 | |
| 001 | 1561212851 | |
| 005 | 20150125170052.92 | |
| 010 | @a7-80173-359-2@dCNY26.80 | |
| 100 | @a20050119d2005 em y0chiy50 ea | |
| 101 | 0 | @achi |
| 102 | @aCN@b110000 | |
| 105 | @aa z 000yy | |
| 200 | 1 | @a明星课@9ming xing ke@e中国演艺经纪人访谈实录@f蔡文著 |
| 210 | @a北京@c国际文化出版公司@d2005 | |
| 215 | @a223页@c照片@d23cm | |
| 330 | @a本书通过真人真事反映了文化经纪的发展,表达了文化经纪人的真情实感。书中丰富的内容和信息让社会对文化经纪行业及其从业人员有了近距离的了解。 | |
| 517 | 1 | @a中国演艺经纪人访谈实录@9zhong guo yan yi jing ji ren fang tan shi lu |
| 606 | 0 | @a访问记@y中国@z现代@j选集 |
| 606 | 0 | @a访问记 |
| 606 | 0 | @a文化事业@x世界 |
| 690 | @aI253.4@v5 | |
| 690 | @aG114@v4 | |
| 701 | 0 | @a蔡文@9cai wen@c(女,导演)@4著 |
| 801 | 0 | @aCN@bTSSF@c20150125 |
| 905 | @aZUCC@dG114@eJY67 | |
| 明星课:中国演艺经纪人访谈实录/蔡文著.-北京:国际文化出版公司,2005 |
| 223页:照片;23cm |
| ISBN 7-80173-359-2:CNY26.80 |
| 本书通过真人真事反映了文化经纪的发展,表达了文化经纪人的真情实感。书中丰富的内容和信息让社会对文化经纪行业及其从业人员有了近距离的了解。 |
| ● |
| 相关链接 |
|
|
|
|
正题名:明星课
索取号:G114/JY67
 
预约/预借
| 序号 | 登录号 | 条形码 | 馆藏地/架位号 | 状态 | 备注 |
| 1 | 7853975 | 278539752 | 学院路分馆/ [索取号:G114/JY67] | 在馆 |